| 000 | 00392pab a2200145 454500 | ||
|---|---|---|---|
| 008 | 180718b2001 xxu||||| |||| 00| 0 eng d | ||
| 100 | _aPatel, Himmat | ||
| 245 | _aFinances of Gujarat state: an enquiry into the federal finance relations | ||
| 260 | _c2001 | ||
| 300 | _ap.16-34 | ||
| 362 | _aJan-Dec | ||
| 650 | _aIntergovernmental fiscal relations | ||
| 773 | _aAnvesak | ||
| 909 | _a51472 | ||
| 999 |
_c51472 _d51472 |
||